| 000 | 01177nam0a22003131 4500 | ||
|---|---|---|---|
| 001 | rc\4306598 | ||
| 005 | 20260405132604.0 | ||
| 021 |
_aRU _b[58-71729] |
||
| 035 | _a(NLR Aleph) 008505537 | ||
| 090 |
_a8136272 _c8136272 |
||
| 100 | _a20130416d1958 |||y0rusy50 ca | ||
| 101 | 1 |
_arus _cfre |
|
| 102 | _aRU | ||
| 105 | _aa z |||a| | ||
| 200 | 1 |
_aПятнадцатилетний капитан _eРоман _e[Для ст. классов узб. школы] _fПеревод с фр. И. Петрова _gПод ред. Е. Лопыревой _g[Послесл. Е. Брандиса] _gРис. Г. Мейера |
|
| 210 |
_aТашкент _cУчпедгиз УзССР _d1958 |
||
| 215 |
_a440 с. _cил. _d21 |
||
| 606 |
_aПутешествия (д. л.) _2psbo |
||
| 700 | 1 |
_aВерн _bЖ. _gЖюль |
|
| 702 | 1 |
_aБрандис _bЕ. _4080 |
|
| 702 | 1 |
_4440 _7ca _8rus _aМейер _bА. _cхудожник _f1844-1899 _gАнри _936344 _3RU\NLR\AUTH\7753412 |
|
| 702 | 1 |
_aЛопырева _bЕ. _4340 |
|
| 702 | 1 |
_aПетров _bИ. _4730 |
|
| 801 | 0 |
_aRU _bNLR _gpsbo |
|
| 801 | 1 |
_aRU _bELAR _2rusmarc |
|
| 852 |
_aNLR _bОНЛ |
||
| 942 | _cBOOK | ||
| 980 | _aNB | ||